Score 0/36 Timer 05:00
0 Plays Today
Hint % Correct
CurrencyYen
97.5%
U.S. PresidentRoosevelt
91.7%
VegetablePotato
90.6%
SportSkiing
90.5%
U.S. PresidentGrant
90.2%
VegetableCarrot
89.8%
Casino GamePoker
88%
Casino GameBlackjack
83.7%
SportBasketball
82.9%
CurrencyDong
82.3%
SportFootball
79.7%
SportSwimming
78.5%
Casino GameCraps
77.1%
U.S. PresidentMonroe
76.2%
Summer Olympic CityStockholm
73.3%
Summer Olympic CityAtlanta
73.2%
U.S. PresidentTruman
72.1%
CurrencyRand
68.6%
Hint % Correct
CurrencyRupee
66.1%
Summer Olympic CitySeoul
63.9%
U.S. PresidentReagan
61.6%
CurrencyYuan
60.1%
U.S. PresidentEisenhower
57.9%
Casino GameRoulette
56.5%
CurrencyDinar
50.2%
VegetableWatercress
45.4%
Casino GameBaccarat
44.2%
VegetableGarlic
34%
VegetableRutabaga
31.1%
SportGymnastics
29%
VegetableBeetroot
26.8%
Summer Olympic CityBarcelona
24.4%
Summer Olympic CityMelbourne
23.2%
Casino GamePai Gow
16.9%
SportTable Tennis
16.1%
Summer Olympic CityAntwerp
14.9%
Remove Ads.
Support Sporcle.
Get the best of Sporcle when you Go Orange. This ad-free experience offers more features, more stats, and more fun while also helping to support Sporcle. Thank you for becoming a member.

You're not logged in!

Compare scores with friends on all Sporcle quizzes.
OR
Log In

Show Comments

Extras

Top Quizzes Today


Score Distribution

Your Account Isn't Verified!

In order to create a playlist on Sporcle, you need to verify the email address you used during registration. Go to your Sporcle Settings to finish the process.

Report this User

Report this user for behavior that violates our Community Guidelines.

Details: